Γιατί να διαβάζουμε τους κλασικούς

Αποθηκεύτηκε σε:
Λεπτομέρειες βιβλιογραφικής εγγραφής
Κύριος συγγραφέας: Calvino, Italo
Μορφή: Βιβλίο
Γλώσσα:Greek
Italian
Δημοσίευση: Αθήνα : Καστανιώτης, c2003.
Θέματα:
Ετικέτες: Προσθήκη ετικέτας
Δεν υπάρχουν, Καταχωρήστε ετικέτα πρώτοι!

MARC

LEADER 00000cam a2200000 i 4500
001 1/70574
008 050209s2003 gr | ||| |||| ||gre||
020 |a 9600335745 
035 |l 10076268 
040 |a GR-MyUa  |b gre  |e AACR2 
041 1 |a gre  |h ita 
082 7 |a 809  |2 (21) 
100 1 |a Calvino, Italo. 
245 1 0 |a Γιατί να διαβάζουμε τους κλασικούς /   |c Ιταλο Καλβίνο ; μετάφραση από τα ιταλικά Ανταίος Χρυσοστομίδης. 
260 |a Αθήνα :   |b Καστανιώτης,   |c c2003.  
300 |a 327 σ. ;   |c 21 εκ. 
500 |a Τίτλος πρωτοτύπου: Perché leggere i classici.  
650 0 |a Canon (Literature) 
650 0 |a Literature  |x History and criticism. 
852 |a INST  |b SYROS  |e 20050209  |h 809 CAL  |p 005500005501  |q 005500005501  |t BK  |y 0 
901 |a BIBL5-2005-1 
922 |a 5ΕΛΗ  |b 200411  |c Βιβλιοθήκη Σύρου  |d Πλάστιγγα 
950 |a 188-2004-11-03 
970 |a Κοντού  |b Παρασκευή  |z 09/02/2005